Statistics for Countries by Lowest Natural Increase

Click here to take the quiz!

General Stats

  • This quiz has been taken 8 times
  • The average score is 6 of 10

Answer Stats

RateCountry% Correct
-5.8Bulgaria
75%
-4.8Latvia
75%
-4.7Lithuania
75%
-3.3Croatia
63%
-3.1Germany
63%
-3.8Hungary
63%
-4.6Serbia
63%
-3.4Slovenia
63%
-3.2Monaco
38%
-4.1Ukraine
38%

Score Distribution

Percentile by Number Answered

Percent of People with Each Score

Your Score History

You have not taken this quiz